Principios de taxonomía y cartografía de suelos /

Guardado en:
Autor Principal: Lores, Ricardo R
Formato: Libro
Publicado: Buenos Aires : Inta, 1973
Series:Científica ; XI
Materias:
Etiquetas: Agregar Etiqueta
Sin Etiquetas, Sea el primero en etiquetar este registro!
LEADER 00567nam a22001935a 4500
001 CEM.cems015972
008 130507s1973##################000#0#####d
005 20210830193513.0
003 CEMS
245 1 0 |a Principios de taxonomía y cartografía de suelos /  |c Ricardo R Lores, 
260 |a Buenos Aires :  |b Inta,  |c 1973 
300 |a 175 p. 
490 1 |a Científica ;  |v XI 
100 1 |a Lores, Ricardo R 
082 0 4 |a 631.4 
653 |a Agricultura 
653 |a Suelos-taxonomia 
653 |a Suelos-cartografia 
859 |a CEMS  |b BIB. CEMS - Agricultura  |h 631.4  |i L887  |p A12547.83  |t Ej.1